书目信息 |
| 题名: |
中国历代玉器赏玩
|
|
| 作者: | 邱东联 编 | |
| 分册: | 续编 | |
| 出版信息: | 长沙 湖南美术出版社 2007 |
|
| 页数: | 118页 | |
| 开本: | 24cm | |
| 丛书名: | ||
| 单 册: | ||
| 中图分类: | K876.82 | |
| 科图分类: | ||
| 主题词: | 古玉器--鉴赏--中国--图录 , 古玉器 | |
| 电子资源: | ||
| ISBN: | 978-7-5356-2682-0 | |
| 000 | 00626nam0 2200217 450 | |
| 001 | 1230969807 | |
| 005 | 20121013083641.93 | |
| 010 | @a978-7-5356-2682-0@dCNY39.00 | |
| 100 | @a20070226d2007 em y0chiy50 ea | |
| 101 | 0 | @achi |
| 102 | @aCN@b430000 | |
| 105 | @aa z 000yy | |
| 200 | 1 | @a中国历代玉器赏玩@Azhong guo li dai yu qi shang wan@h续编@f邱东联编 |
| 210 | @a长沙@c湖南美术出版社@d2007 | |
| 215 | @a118页@c彩图@d24cm | |
| 606 | 0 | @a古玉器@x鉴赏@y中国@j图录 |
| 606 | 0 | @a古玉器 |
| 690 | @aK876.82@v4 | |
| 701 | 0 | @a邱东联@Aqiu dong lian@f(1966~)@4编 |
| 801 | 0 | @aCN@bNLC@c20101222 |
| 905 | @a10447@dK876.82@eJY27 | |
| 中国历代玉器赏玩.续编/邱东联编.-长沙:湖南美术出版社,2007 |
| 118页:彩图;24cm |
| ISBN 978-7-5356-2682-0:CNY39.00 |
| ● |
| 相关链接 |
|
|
|
|
正题名:中国历代玉器赏玩
索取号:K876.82/JY27
 
预约/预借
| 序号 | 登录号 | 条形码 | 馆藏地/架位号 | 状态 | 备注 |
| 1 | 7826738 | 278267386 | 学院路分馆/ [索取号:K876.82/JY27] | 在馆 | |
| 2 | 7826739 | 278267395 | 学院路分馆/ [索取号:K876.82/JY27] | 在馆 |